000 01029cam a22003131a 4500
999 _c26479
_d26479
001 YPZ96807
003 YPZ
005 20230824142611.0
008 130204|###########||||||b||||||||||spa|d
020 _a9788483226551
040 _cSIUNPA
041 _aspa
044 _asp
080 _a616-053.2 B187e
100 _aBall, Jane W..
245 _aEnfermería pediátrica
_b : asistencia infantil
_c / Jane W. Ball ... [et al.] ; traducción GEA Consultoría ; revisión técnica Ana María García Parra ... [et al.]
260 _aMadrid
_b : Prentice Hall
_c , 2010
300 _axxx, 1382 p. :
_bil. ;
_e1 DVD en bolsillo + 1 h. pleg.
490 _a(Serie enfermería)
500 _aEn cub.: 4ª edición
650 _a PEDIATRIA
650 _a SERVICIOS DE ENFERMERIA
650 _a NIÑOS
700 _aBindler, Ruth C..
700 _aGEA Consultoría
_4, tr.
700 _aGarcía Parra, Ana María
_4, rev. técnica
700 _aRodríguez López, María Ascensión
_4, rev. técnica
942 _cBK
_2udc